Quizzes
Events
Quiz Creation
Community
Videos
Private Events
Remove Ads
Sign In
Join for FREE
Feedback
Dark Mode
Quiz Categories
Sports
Geography
Music
Movies
Television
Just For Fun
Miscellaneous
History
Literature
Language
Science
Gaming
Entertainment
Religion
Holiday
For Kids
Quiz Lab
Recent
Popular Today
Quiz Kudos Today
Editor Picks
Curator Picks
Quizzes by...
Day
Popularity
Type
Ratings
Length
Year
Community
Subscriptions
Recent Discussions
Orange Saloon
Badges
Playlists
Quests
Create
Leaderboards
Showdown
Live 5
Trivia Bingo
Activity
Puzzle Library
Sporcle Events
Private Events
Virtual Trivia
Globe League
Become a Host
Pub Owners
SporcleCon
Opinionation
Our Games
Videos
Blog
Mobile Apps
Partnerships
Remove Ads and Go Orange
Feedback
Geography
Country
Landmarks
City
State
Population
World
Capital
Continent
Flags
Europe
Africa
Asia
South America
North America
Oceania
Border
Canada
United Kingdom
Topography
United States
Geography
Country
Landmarks
City
State
Population
World
Capital
Continent
Flags
Europe
Africa
Asia
South America
North America
Oceania
Border
Canada
United Kingdom
Topography
United States
Random Quiz
Search Sporcle
×
Quiz Lab
Quiz Lab
Geography
Europe
Type in answers that appear in a list
Type in answers that appear in a list
Classic
Best Score? Go Orange.
Countries of Europe in Local Tongue Stats
Can you name the countries of Europe in their native language?
By
nearlyextinct
8m
47 Questions
998 Plays
998 Plays
998 Plays
Comments
Comments
Give Quiz Kudos
Give Quiz Kudos
-
- Ratings
hide this ad
Random Order
Randomize order of answers
Randomize order of answers
Replay
Link that replays current quiz
Next Quiz
Link to next quiz in quiz playlist
You Got
0%
They Got
Avg Score
40%
Avg Friend Score
Upgrade to see
Score Distribution
Jump to the score distribution portion of the page
Score
0/47
Timer
08:00
0
Plays Today
Native Name
% Correct
United Kingdom
93%
Italia
81.6%
Deutschland
79%
Éire or Ireland
78.7%
France
78.4%
Suomi or Finland
64.5%
Portugal
62.9%
Andorra
59.2%
België, Belgique, Belgien
59.1%
Luxemburg or Luxembourg or Lëtzebuerg
58.8%
Nederland
58%
San Marino
56.7%
Múnegu or Monaco
55.6%
Malta
54%
Schweiz or Suisse or Svizzera or Svizra
53.9%
Polska
52.9%
Norge or Noreg
51.5%
Liechtenstein
51.3%
Sverige
49.1%
España
47.6%
Danmark
47.1%
Ελλάδα (Ellas or Ellada)
44.6%
România
43.2%
Ísland
40.1%
Native Name
% Correct
Österreich
38.2%
Hrvatska
34.6%
Moldova
32.5%
Eesti
30.9%
Pоссияc (Rossiya)
30.2%
Türkiye
28.1%
Slovenija
23.7%
Slovensko
22.9%
Česko
21.5%
Србија (Srbija)
20.6%
Lietuva
20.3%
Црна Гора (Crna Gora)
20.2%
Magyarország
18.7%
Latvija
17.6%
Shqipëria
15.7%
Citta del Vaticano
15.3%
Κύπρος (Kypros) or Kibris
14.5%
Македонија (Makedonija)
14.4%
Kosovë or Косово
12%
Bosna i Hercegovina or Босна и Херцеговина
10.5%
България (Balgariya)
8.9%
Україна (Ukrayina)
8.7%
Беларусь(Byelarus')
8.4%
Quiz Playlist
Details
Report
Send in Message
Add To Playlist
Classic:
Type in answers that appear in a list
Random Order:
Randomize order of answers
Quiz Source
Last Updated: May 29, 2017
Quiz Scoreboard
CHALLENGE
Sign Up to Join the Scoreboard
Show All
Scores
Hide
Comments
May contain spoilers
Recently Published
College Basketball Coaching Resumes
by pancakes188
Sports
9m
Billboard Blitz: Fleetwood Mac
by CooCooCachoo
Music
15s
Presidents Visiting Landmarks
by Hejman
History
7m
More to Explore
Quiz From the Vault
Featured Blog Post
Where Did the Easter Bunny Come From?
hide this ad
You Might Also Like...
Tags
Country Quiz
Europe Quiz
English
local
Native
tongue
Today's Top Quizzes in Geography
Browse Geography
hide this ad
Today's Top Quizzes in Europe
Browse Europe
Top Contributed Quizzes in Geography
1
Countries of the World - No Outlines Minefield
2
Top 25 Cities of France on a map
3
Any capital of a 'B' country per Continent
4
Any capital of a 'C' country per Continent
5
Closest Countries to UK A-Z
6
Any capital of a 'D' country per Continent
7
5-to-1: US Geography No Hints
8
Any capital of an 'E' country per Continent
9
Click the Alabama Counties! (Map)
10
One Thing in Common: United Kingdom
Explore More
Trending Topics
NBA
Marvel
Harry Potter
Kpop
Anime
Disney
Crossword
Puzzle
Country
Pokémon
The Office
Song
Soccer
NFL
WWE
hide this ad
More By:
nearlyextinct
Quiz
Plays
Rating
Category
Featured
Created
NHL Captains
187,031
4.32
Sports
Sep 25, 2009
European Countries by Largest 'B' City
65,257
4.52
Geography
Aug 12, 2010
Countries of the Mongolian Empire
52,104
4.55
History
Mar 1, 2010
NFL Franchise's Most Wins Against
49,777
4.56
Sports
Dec 8, 2009
Countries of Europe (with a twist)
8,040
4.56
Geography
May 14, 2010
Go to Creator's Profile
Score Distribution
Quiz Creator Spotlight
nearlyextinct
Follow
Send a Message
Quizzes Created
-
Created Quiz Play Count
-
More By This Creator
Popular Quizzes Today
1
Find the US States - No Outlines Minefield
2
Find the Countries of Europe - No Outlines Minefield
3
The Countries of the World
4
Find the US States
5
Risky Map Clicking: Biggest States A-Z
6
US States
7
Popular People in 1961
8
Movies - When Are They Set?
More Geography Quizzes
Anything but Kuwait
Quiz Lab
Trending Quizzes
Risky Map Clicking: Least Populous States A-Z
1-10 Letter G Words
1-10 Letter F Words
Risky Map Clicking: Next State Alphabetically
Risky Map Clicking: Biggest States A-Z
Recently Updated
Leaping Animals
pecheneg
Reality TV Shows (A-Z)
bhenderson79
Rickey Henderson's Hall of Fame Teammates
pecheneg
Champions League XIs: Arsenal
pecheneg
Quick Pick: Celebrities in WWE's Hall of Fame
aduchscher
A-Z Keypad Blitz II
pecheneg
Multiple Oscar Actors
pecheneg
Mystery Phrase Blitz: Oscar 'Best Actors'
pecheneg
F. Scott Fitzgerald Novels
LTH
Pick 3 Villains
ddd62291
Trending Topics
Crossword
Harry Potter
Disney
Anime
NBA
Kpop
Marvel
Song
Country
Pokémon
NFL
WWE
Puzzle
Soccer
The Office
Your Account Isn't Verified!
In order to create a playlist on Sporcle, you need to verify the email address you used during registration. Go to your
Sporcle Settings
to finish the process.
Report this User
Report this user for behavior that violates our
Community Guidelines
.
Details:
Send Report
Go to the Sporcle.com Mobile Site →
Comments